000 00326nam a2200133Ia 4500
008 210210b1907 xxu||||| |||| 00| 0 eng d
082 _a150/72
100 _aMITCHELL, W.
245 _aStructure and growth of the mind.
260 _a
_bNot Mentioned
_c1907
650 _aMind studies
690 _aPsychology
906 _a001020
999 _c77536
_d77536